Daily Capital City Riddle #38 - Statistics

General Stats
  • This quiz has been taken 49 times
  • The average score is 28 of 33
Answer Stats
Type Answer % Correct
Found Letter A
100%
Found Letter I
100%
Alphabet Letter D
98%
Alphabet Letter R
98%
Alphabet Letter E
96%
Alphabet Letter L
96%
Found Letter N
96%
Alphabet Letter O
96%
Alphabet Letter S
96%
Correctly Placed Letter A
94%
Found Letter B
94%
Alphabet Letter M
94%
Found Letter U
94%
Found Letter G
91%
Alphabet Letter T
91%
Alphabet Letter C
89%
Alphabet Letter H
89%
Alphabet Letter P
89%
Correctly Placed Letter B
87%
Correctly Placed Letter N
85%
Alphabet Letter V
83%
Alphabet Letter W
83%
Alphabet Letter Y
81%
Alphabet Letter J
79%
Alphabet Letter K
79%
Alphabet Letter X
77%
Alphabet Letter Z
77%
Alphabet Letter F
72%
Alphabet Letter Q
72%
Correctly Placed Letter U
70%
Correctly Placed Letter G
68%
Mystery Capital Bangui
66%
Correctly Placed Letter I
66%
No matching quizzes found
Score Distribution
Percent of People with Each Score
Percentile by Number Answered
Your Score History
You have not taken this quiz